Устройство для накопления кинетической энергии; Интеллектуальные энергосистемы; Т. 3

Bibliografiset tiedot
Parent link:Интеллектуальные энергосистемы: труды V Международного молодёжного форума, 9-13 октября 2017 г., г. Томск/ Национальный исследовательский Томский политехнический университет (ТПУ), Энергетический институт (ЭНИН).— , 2017
Т. 3.— 2017.— [С. 215-216]
Päätekijä: Магеррамов Р. А.
Yhteisötekijä: Национальный исследовательский Томский политехнический университет (ТПУ) Энергетический институт (ЭНИН) Кафедра электроэнергетических систем (ЭЭС)
Muut tekijät: Юдин С. М. Святослав Михайлович (научный руководитель)
Yhteenveto:Заглавие с титульного экрана
Kieli:venäjä
Julkaistu: 2017
Sarja:Мой первый шаг в науку (для школьников)
Aiheet:
Linkit:http://earchive.tpu.ru/handle/11683/45975
Aineistotyyppi: Elektroninen Kirjan osa
KOHA link:https://koha.lib.tpu.ru/cgi-bin/koha/opac-detail.pl?biblionumber=625799

MARC

LEADER 00000naa2a2200000 4500
001 625799
005 20231101133400.0
035 |a (RuTPU)RU\TPU\conf\25059 
035 |a RU\TPU\conf\25048 
090 |a 625799 
100 |a 20171220d2017 k y0rusy50 ca 
101 0 |a rus 
102 |a RU 
105 |a y z 101zy 
135 |a drcn ---uucaa 
181 0 |a i  
182 0 |a b 
200 1 |a Устройство для накопления кинетической энергии  |f Р. А. Магеррамов  |g науч. рук. С. М. Юдин 
203 |a Текст  |c электронный 
225 1 |a Мой первый шаг в науку (для школьников) 
230 |a 1 компьютерный файл (pdf; 197 Kb) 
300 |a Заглавие с титульного экрана 
461 1 |0 (RuTPU)RU\TPU\conf\24578  |t Интеллектуальные энергосистемы  |o труды V Международного молодёжного форума, 9-13 октября 2017 г., г. Томск  |o в 3 т.  |f Национальный исследовательский Томский политехнический университет (ТПУ), Энергетический институт (ЭНИН)  |d 2017 
463 1 |0 (RuTPU)RU\TPU\conf\24584  |t Т. 3  |v [С. 215-216]  |d 2017 
610 1 |a электронный ресурс 
610 1 |a труды учёных ТПУ 
610 1 |a устройства 
610 1 |a накопление 
610 1 |a кинетическая энергия 
610 1 |a электроснабжение 
610 1 |a потребители 
610 1 |a отключения 
610 1 |a изолированные системы 
700 1 |a Магеррамов  |b Р. А. 
702 1 |a Юдин  |b С. М.  |c специалист в области электротехники  |c доцент Томского политехнического университета, кандидат технических наук  |f 1949-  |g Святослав Михайлович  |2 stltpush  |4 727 
712 0 2 |a Национальный исследовательский Томский политехнический университет (ТПУ)  |b Энергетический институт (ЭНИН)  |b Кафедра электроэнергетических систем (ЭЭС)  |h 6980  |2 stltpush  |3 (RuTPU)RU\TPU\col\18675 
801 2 |a RU  |b 63413507  |c 20180119  |g RCR 
856 4 |u http://earchive.tpu.ru/handle/11683/45975 
942 |c BK